000
00332nam a2200133Ia 4500
008
100328s9999 xx 000 0 und d
082
_b
39957
100
_a
पाटील देवदत्त
245
_a
सौदा.
260
_b
मधुराज
630
_a
सौदा.
730
_a
सौदा.
942
_c
BOOK
999
_c
528769
_d
528766